Gáže pro hvězdu /

Hlavní autor: Mándy, Iván, 1918-1995
Další autoři: Rossová, Anna, 1925-1995
Jazyk: Čeština
Vydáno: Praha : Odeon, 1979
Vydání: 1. vyd.
Edice: Soudobá světová próza (Odeon)
Externí odkaz: Digitalizovaný dokument
Fyzický popis: 233 s. ; 8°
Knihy
Uloženo v:
LEADER 01150nam a22003132a 4500
001 001163246
003 CZ BrMZK
005 20120215133653.0
007 ta
008 110812s1979 xr er|||||||||||cze d
015 |a cnb000136269 
035 |a (OCoLC)42176441 
040 |a ABA001  |b cze  |d ABA001  |d BOA001 
041 1 |a cze  |h hun 
080 9 |a 894.511-322.6 :92 Mándy, I. 
100 1 |a Mándy, Iván,  |d 1918-1995  |7 jn20000720182  |4 aut 
245 1 0 |a Gáže pro hvězdu /  |c Iván Mándy ; z různých maďarských originálů vybrala, přeložila a doslov napsala Anna Rossová 
250 |a 1. vyd. 
260 |a Praha :  |b Odeon,  |c 1979 
300 |a 233 s. ;  |c 8° 
490 1 |a Soudobá světová próza ;  |v sv. 339 
500 |a 5000 výt. 
700 1 |a Rossová, Anna,  |d 1925-1995  |7 jk01102751  |4 trl  |4 wfw 
830 0 |a Soudobá světová próza (Odeon)  |0 s 
856 4 1 |u http://www.digitalniknihovna.cz/mzk/uuid/uuid:e0b425d0-a7e8-11e2-b6da-005056827e52  |y Digitalizovaný dokument  |x NDK 
910 |a BOA001  |b 2-0808.962 
990 |a BK 
991 |b 201108 
996 6 |b 2619425378  |c 2-0808.962  |l MZK  |r Sklad / do 1 hodiny  |n 0  |w 001196533  |u 000010  |a 1  |e BOA001  |j MZK50  |s P